[Event "Ambalangoda Dhamso op 11th"]
[Site "Ambalangoda"]
[Date "2024.05.18"]
[Round "3"]
[White "Thilakaratne, HM Sithuka Ranmira"]
[Black "Kaluarachchi, Achinthya Shamen"]
[Result "0-1"]
[WhiteElo "1515"]
[BlackElo "1882"]
[PlyCount "82"]
[EventDate "2024.05.17"]
[EventType "swiss"]
[EventRounds "10"]
[EventCountry "SRI"]
[SourceTitle "CBM 220 Extra"]
[Source "ChessBase"]
[SourceDate "2024.07.31"]
[SourceVersion "1"]
[SourceVersionDate "2024.07.31"]
[SourceQuality "1"]

1. e4 e6 2. d4 d5 3. Nc3 Bb4 4. e5 c5 5. a3 Bxc3+ 6. bxc3 Ne7 7. Be3 Qa5 8. Qd2 Nbc6 9. Nf3 c4 10. Be2 Bd7 11. 0-0 Qa4 12. Nh4 0-0-0 13. Bg5 h6 14. Bxe7 Nxe7 15. Rfb1 g5 16. Nf3 Nc6 17. h3 Rdf8 18. Nh2 f5 19. exf6 Rxf6 20. Bh5 Qa5 21. Ng4 Rf4 22. Rd1 Rhf8 23. f3 Ne7 24. Ne5 R4f6 25. Ng4 Rf4 26. Ne5 R4f6 27. Ng4 Rf4 28. Ne5 Be8 29. Bxe8 Rxe8 30. Rdb1 Nf5 31. Ng6 Rxd4 32. Qe1 Rf4 33. Nxf4 gxf4 34. Qe5 Qc5+ 35. Kh2 Qe3 36. Re1 Qxe5 37. Rxe5 Kd7 38. Re2 Kd6 39. Rb1 Re7 40. a4 Rg7 41. Rbe1 Ne3 0-1